| 000 | 00816nam a2200229Ia 4500 | ||
|---|---|---|---|
| 003 | Ost | ||
| 005 | 20260507075408.0 | ||
| 008 | 260507s9999||||xx |||||||||||||| ||und|| | ||
| 040 | _cfsecg | ||
| 041 | _aara | ||
| 082 | _a330 | ||
| 100 |
_aالصيرفي، محمد _eمؤلف |
||
| 245 | 0 |
_aالبيع والشراء عبر الانترنت / _c محمد الصيرفي |
|
| 260 |
_aالإسكندرية: _bالمكتب الجامعي الحديث, _c2009 |
||
| 300 |
_a390 صفحة؛ _bإيضاحات ؛ _c24 سم |
||
| 504 | _aالمراجع ص.386 | ||
| 520 | _aيضم الأعمال الإلكترونية ، الأساس النظري للتجارة الإلكترونية | ||
| 653 | _aالتجارة | ||
| 653 | _aالتجارة الإلكترونية | ||
| 653 | _aالشراء | ||
| 942 | _cكتاب | ||
| 999 |
_c44341 _d44341 |
||